|
|
|
|
| LEADER |
00000cam a2200000M 4500 |
| 001 |
OR_on1202550060 |
| 003 |
OCoLC |
| 005 |
20231017213018.0 |
| 006 |
m d |
| 007 |
cr n ||| |
| 008 |
190918e20200316nju o ||| 0 eng d |
| 040 |
|
|
|a VT2
|b eng
|c VT2
|d COO
|d OCLCO
|d OCLCF
|d TAC
|d OCLCO
|d OCLCQ
|
| 019 |
|
|
|a 1302698749
|
| 020 |
|
|
|a 9780730383642
|
| 020 |
|
|
|a 0730383644
|q (Trade Paper)
|
| 020 |
|
|
|a 9780730383703
|q (electronic bk.)
|
| 020 |
|
|
|a 0730383709
|
| 024 |
3 |
|
|a 9780730383642
|
| 035 |
|
|
|a (OCoLC)1202550060
|z (OCoLC)1302698749
|
| 037 |
|
|
|b 00028608
|
| 050 |
1 |
4 |
|a HF5415.5
|b .B35 2020
|
| 082 |
0 |
4 |
|a 658.8/12
|2 23
|
| 049 |
|
|
|a UAMI
|
| 100 |
1 |
|
|a Baird, Nathan
|e Author.
|
| 245 |
1 |
0 |
|a Innovator's Playbook
|h [electronic resource]:
|b How to Create Great Products, Services and Experiences That Your Customers Will Love.
|
| 260 |
|
|
|a Hoboken :
|b John Wiley & Sons, Incorporated
|c March 2020.
|
| 300 |
|
|
|a 1 online resource (240 p.)
|
| 336 |
|
|
|a text
|b txt
|2 rdacontent
|
| 337 |
|
|
|a computer
|b c
|2 rdamedia
|
| 338 |
|
|
|a online resource
|b cr
|2 rdacarrier
|
| 521 |
|
|
|a Trade
|b John Wiley & Sons, Incorporated.
|
| 520 |
|
|
|a Written for entrepreneurs, corporate teams, startups and leaders across all levels, this authoritative book provides hands-on experience, tools and methods for developing a winning customer-centric approach to innovation. --
|c Edited summary from book.
|
| 590 |
|
|
|a O'Reilly
|b O'Reilly Online Learning: Academic/Public Library Edition
|
| 650 |
|
0 |
|a Customer services.
|
| 650 |
|
0 |
|a Customer relations.
|
| 650 |
|
6 |
|a Service à la clientèle.
|
| 650 |
|
7 |
|a Customer relations.
|2 fast
|0 (OCoLC)fst00885533
|
| 650 |
|
7 |
|a Customer services.
|2 fast
|0 (OCoLC)fst00885545
|
| 776 |
0 |
8 |
|i Print version:
|a Baird, Nathan
|t Innovator's Playbook : How to Create Great Products, Services and Experiences That Your Customers Will Love
|d Newark : John Wiley & Sons, Incorporated,c2020
|z 9780730383642
|
| 856 |
4 |
0 |
|u https://learning.oreilly.com/library/view/~/9780730383642/?ar
|z Texto completo (Requiere registro previo con correo institucional)
|
| 994 |
|
|
|a 92
|b IZTAP
|